Reducción de tiempos de ciclo en transportación para una empresa altamente exportadora en México /

Enregistré dans:
Détails bibliographiques
Auteur principal: Moreno Aceves, Juan Carlos (autor)
Format: Thèse Livre
Langue:espagnol
Sujets:
Tags: Ajouter un tag
Pas de tags, Soyez le premier à ajouter un tag!

MARC

LEADER 00000nam^a2200000^a^4500
001 000102058
005 20250521000000.0
009 20260310093258.007
037 |a Acervo ITESO - Biblioteca 
041 |a ESP 
090 |a IIN. 346 
100 |a Moreno Aceves, Juan Carlos  |e (autor) 
245 1 0 |a Reducción de tiempos de ciclo en transportación para una empresa altamente exportadora en México /  |c J.C. Moreno Aceves. 
264 |a Guadalajara, México :  |b edición de autor,  |c 1999 
300 |a 36 p. 
336 |a texto  |b txt  |2 rdacontenido 
337 |a sin mediación  |b n  |2 rdamedio 
338 |a volumen  |b nc  |2 rdasoporte 
502 |a ITESO Reporte Profesional de Licenciatura en Ingeniería Industrial 
649 |a XX 
650 |a Tiempos y Movimientos 
650 |a Ingeniería Industrial 
910 |a Fondo General 
920 |a Impresos - Tesis del ITESO 
930 |a Colección General 
905 |a 104 
901 |a 0500037501  |b IT2  |c TSS  |u 20250521 
902 |a https://opac.biblio.iteso.mx/vufind/Record/000102058